Simultaneous Consideration of Spatial Heterogeneity and Spatial Autocorrelation in European Innovation: A Spatial Econometric Approach Based on the MGWR-SAR Estimation

Príspevok sa zameriava na súčasné zvažovanie priestorovej heterogenity a priestorovej autokorelácie v kontexte európskych regionálnych inovačných aktivít. Hlavným nástrojom analýzy je nová trieda procesov generovania údajov, zmiešaná geograficky vážená regresia – priestorový autoregresný model.

Gespeichert in:
Bibliographische Detailangaben
1. Verfasser: Furková, Andrea, 1975-
Format: Buchkapitel
Sprache:Englisch
Schlagworte:
Tags: Tag hinzufügen
Keine Tags, Fügen Sie das erste Tag hinzu!

MARC

LEADER 00000naa a2200000 4500
001 0280237
005 20240502083852.8
041 0 |a eng 
044 |a CH 
245 1 0 |a Simultaneous Consideration of Spatial Heterogeneity and Spatial Autocorrelation in European Innovation: A Spatial Econometric Approach Based on the MGWR-SAR Estimation  |c Andrea Furková 
520 |a Príspevok sa zameriava na súčasné zvažovanie priestorovej heterogenity a priestorovej autokorelácie v kontexte európskych regionálnych inovačných aktivít. Hlavným nástrojom analýzy je nová trieda procesov generovania údajov, zmiešaná geograficky vážená regresia – priestorový autoregresný model. 
610 2 0 |a regresia 
610 2 0 |a modely autoregresné 
610 2 0 |a inovácie technologické 
610 2 0 |a regióny 
610 2 0 |a Európa 
100 1 |a Furková, Andrea, 1975-